| 000 | 01445nam a2200349 a 4500 | ||
|---|---|---|---|
| 001 | ebr10475944 | ||
| 003 | CaPaEBR | ||
| 006 | m u | ||
| 007 | cr cn||||||||| | ||
| 008 | 110113s2011 ne sb 011 0 eng d | ||
| 010 | _z 2011001048 | ||
| 020 | _z9789027211811 (hardback : alk. paper) | ||
| 020 | _z9789027287038 (e-book) | ||
| 040 |
_aCaPaEBR _cCaPaEBR |
||
| 035 | _a(OCoLC)733574163 | ||
| 050 | 1 | 4 |
_aP301.5.P47 _bK44 2011eb |
| 082 | 0 | 4 |
_a401/.45 _222 |
| 245 | 0 | 0 |
_aKeeping in touch with pragma-dialectics _h[electronic resource] : _bin honor of Frans H. Van Eemeren / _cedited by Eveline T. Feteris, Bart Garssen, Francisca Snoeck Henkemans. |
| 260 |
_aAmsterdam ; _aPhiladelphia : _bJohn Benjamins Pub. Co., _c2011. |
||
| 300 | _avi, 283 p. | ||
| 504 | _aIncludes bibliographical references and index. | ||
| 533 |
_aElectronic reproduction. _bPalo Alto, Calif. : _cebrary, _d2011. _nAvailable via World Wide Web. _nAccess may be limited to ebrary affiliated libraries. |
||
| 650 | 0 | _aPersuasion (Rhetoric) | |
| 650 | 0 | _aDiscourse analysis. | |
| 655 | 7 |
_aElectronic books. _2local |
|
| 700 | 1 |
_aEemeren, F. H. van _q(Frans Hendrik), _d1946- |
|
| 700 | 1 | _aFeteris, E. T. | |
| 700 | 1 | _aGarssen, Bart. | |
| 700 | 1 | _aSnoeck Henkemans, Arnolda Francisca. | |
| 710 | 2 | _aebrary, Inc. | |
| 856 | 4 | 0 |
_uhttp://site.ebrary.com/lib/rucke/Doc?id=10475944 _zAn electronic book accessible through the World Wide Web; click to view |
| 999 |
_c116043 _d116043 |
||